000 00814nam a2200253 a 4500
001 BRCA_5997
005 20190320205307.0
008 290311s1970----enka######---#000-0#eng-#
020 _a901898015
041 _aeng
044 _aenk
050 4 _aNK1125
_b.B75 1970
245 1 0 _aThe British Antiques Yearbook
_b1970-1
_cedited by Philip Wilson.
260 _aInglaterra
_bApollo Magazine
_c1970
300 _a1151 p.
_bil. (algunas a color)
_c19 cm.
500 _aIncluye índice de especialistas
500 _aEstado físico: encuadernado, enero 2013
500 _aDonación Dr. Héctor Rivero Borrell Vázquez
650 1 4 _aAntigüedades
_vCatálogos
_zInglaterra
_915147
650 1 4 _aArte
_xColeccionistas y colecciones
_97445
700 1 _aWilson, Philip
_eed.
_915148
902 _aDHR
942 _2lcc
_cB
999 _c5686
_d5686